000 00566cam a2200157 4500
082 _a621.38412
_bJOY
_cL-11, P-104
100 1 _aJoyce, Maurice V.
_941563
245 1 0 _aTransistor circuit analysis,
_cby Maurice V. Joyce and Kenneth K. Clarke.
260 _aReading, Mass.,
_bAddison-Wesley Pub. Co.
_c[1961]
300 _axiv, 461 p.
_billus.
_c24 cm.
490 1 _aAddison-Wesley series in the engineering sciences
526 _a0
_b0
_c0
_d621_384120000000000_JOY
650 0 _aTransistor circuits.
_941564
700 1 _aClarke, Kenneth K.,
_941565
942 _2ddc
_cBK
999 _c545633
_d545633